000 00654cam a2200217 4500
001 L129798
008 050520n2004 000 0 eng u
020 _a1861974426
035 _a(Sirsi) u129798
041 _aeng
050 _a711.552
_c18
100 _aUnderhill, Paco
245 4 _aThe call of the mall
_bhow we shop
260 _aLondon
_bProfile Business
_c2004
300 _a227p.
_c24cm
350 _a15.00
520 _aExamines our fascination with shopping and shopping malls.
590 _aIKA210605
690 _aPROPERTY-COMMERCIAL PROPERTY-RETAIL PROPERTY-OUT OF TOWN RETAIL PROPERTY-OUT OF TOWN RETAIL FACILITIES
942 _n0
999 _c104281
_d104281